A Zombie's Guide To The Human Body : (Record no. 4899)

MARC details
000 -LEADER
fixed length control field 00925nam a22002657a 4500
001 - CONTROL NUMBER
control field 4899
003 - CONTROL NUMBER IDENTIFIER
control field FISKH
005 - DATE AND TIME OF LATEST TRANSACTION
control field 20241023122251.0
008 - FIXED-LENGTH DATA ELEMENTS--GENERAL INFORMATION
fixed length control field 241023b cb ||||| |||| 00| 0 eng d
020 ## - INTERNATIONAL STANDARD BOOK NUMBER
International Standard Book Number 9780545249799
040 ## - CATALOGING SOURCE
Original cataloging agency FISKH
Language of cataloging eng
Transcribing agency FISKH
Modifying agency FISKH
100 ## - MAIN ENTRY--PERSONAL NAME
Personal name Becker, Tom
245 ## - TITLE STATEMENT
Title A Zombie's Guide To The Human Body :
Remainder of title Tasty Tidbits From Head To Toe /
Statement of responsibility, etc. by Tom Becker
250 ## - EDITION STATEMENT
Edition statement First printing , September 2010
260 ## - PUBLICATION, DISTRIBUTION, ETC.
Place of publication, distribution, etc. New York :
Name of publisher, distributor, etc. Scholastic ;
Date of publication, distribution, etc. 2010 .
300 ## - PHYSICAL DESCRIPTION
Extent 96 pages :
Other physical details color illustrations ;
Dimensions 24 cm .
505 ## - FORMATTED CONTENTS NOTE
Formatted contents note Z <br/>
520 ## - SUMMARY, ETC.
Summary, etc. Introduces young readers to every part of the human body, from head to toe, with illustrated zombies providing information on bones, muscles, veins, and organs.
521 8# - TARGET AUDIENCE NOTE
Target audience note 930 <br/>
Source Lexile <br/>
521 8# - TARGET AUDIENCE NOTE
Target audience note Z <br/>
Source Raz-Plus <br/>
650 ## - SUBJECT ADDED ENTRY--TOPICAL TERM
Topical term or geographic name entry element anatomy
Form subdivision non-fiction
700 ## - ADDED ENTRY--PERSONAL NAME
Personal name Grossblatt, Ben
Relator term editor
942 ## - ADDED ENTRY ELEMENTS (KOHA)
Source of classification or shelving scheme Dewey Decimal Classification
Koha item type Books
Suppress in OPAC No
Holdings
Withdrawn status Lost status Source of classification or shelving scheme Damaged status Not for loan Collection Home library Current library Shelving location Date acquired Total Checkouts Full call number Barcode Date last seen Price effective from Koha item type
    Dewey Decimal Classification     Non-Fiction Footprints International School Library Network Toul Kork Campus Footprints International School Library Network Toul Kork Campus TTP Secondary Khmer Bookshelves 10/23/2024   BEC 612 QP37.B388 FIS04800 10/23/2024 10/23/2024 Books